000 00538nam a2200181Ia 4500
005 20250508160036.0
008 008 250505s9999 xx 000 0 eng d
037 _aTextual
040 _aFEDL
_beng
_cFEDL
041 _aeng
_2eng
084 _a370.942, GRE
_qFEDL
245 0 _aStatistics of education 1967. Vol 3
245 0 _cDepartment of Education and Science
260 _aLondon, UK
_bHer Majesty's Stationery Office
_c1969
650 _aEducation
942 _cTEXL
_h370.942, GRE
999 _c1361345
_d1361345